Normal view MARC view

Entry Nombre personal

Number of records used in: 3

001 - NÚMERO DE CONTROL

  • campo de control: 114693

003 - IDENTIFICADOR DE NÚMERO DE CONTROL

  • campo de control: SpMaBN

005 - FECHA Y HORA DE LA ÚLTIMA TRANSACCIÓN

  • campo de control: 20240126173120.0

008 - ELEMENTOS DE DATO DE LONGITUD-FIJA

  • campo de control de longitud fija: 920427n| aijnnaabn |a aaa

016 ## - NÚMERO DE CONTROL DE UNA AGENCIA BIBLIOGRÁFICA NACIONAL

  • Número de control del registro: BNE19923164105

024 7# - IDENTIFICADOR DE OTROS ESTÁNDARES

  • Número estándar o código: http://viaf.org/viaf/13231385/
  • Fuente: viaf

024 7# - IDENTIFICADOR DE OTROS ESTÁNDARES

  • Número estándar o código: https://isni.org/isni/000000005947245X
  • Fuente: isni

024 7# - IDENTIFICADOR DE OTROS ESTÁNDARES

  • Número estándar o código: http://www.wikidata.org/entity/Q11927988
  • Fuente: wikidata

040 ## - FUENTE DE CATALOGACIÓN

  • Centro catalogador/agencia de origen: SpMaBN
  • Lengua de catalogación: spa
  • Centro/agencia transcriptor: SpMaBN
  • Normas de descripción: rdc
  • Convención/Normas de encabezamiento de materia/tesauro: embne

046 ## - FECHAS CON CODIFICACIÓN ESPECIAL

  • Fecha de nacimiento: 1890
  • Fecha de la muerte: 1947

100 1# - ENCABEZAMIENTO-NOMBRE DE PERSONA

  • Nombre de persona: Vila, Joan,
  • Fechas asociadas al nombre: 1890-1947

370 ## - LUGAR ASOCIADO

  • Lugar de nacimiento: Barcelona
  • Número de control del registro de autoridad o número normalizado: XX450579
  • Fuente de información: Wikidata

374 ## - OCUPACIÓN

  • Ocupación: Ilustradores
  • Fuente de información: Wikidata

375 ## - GÉNERO/SEXO

  • Género: Masculino

377 ## - IDIOMA ASOCIADO

  • Término de lengua/lenguaje: Catalán
  • Término de lengua/lenguaje: Español

400 0# - TRAZADO DE VÉASE--NOMBRE DE PERSONA

  • Nombre de persona: Divori,
  • Fechas asociadas al nombre: 1890-1947

400 0# - TRAZADO DE VÉASE--NOMBRE DE PERSONA

  • Nombre de persona: D'Ivori,
  • Fechas asociadas al nombre: 1890-1947

400 10 - TRAZADO DE VÉASE--NOMBRE DE PERSONA

  • Nombre de persona: Ivori, Joan d',
  • Fechas asociadas al nombre: 1890-1947

400 1# - TRAZADO DE VÉASE--NOMBRE DE PERSONA

  • Nombre de persona: Vila, Juan de,
  • Fechas asociadas al nombre: 1890-1947

400 1# - TRAZADO DE VÉASE--NOMBRE DE PERSONA

  • Nombre de persona: Vila i Pujol, Joan,
  • Fechas asociadas al nombre: 1890-1947

400 1# - TRAZADO DE VÉASE--NOMBRE DE PERSONA

  • Nombre de persona: Vila y Pujol, Juan,
  • Fechas asociadas al nombre: 1890-1947

400 1# - TRAZADO DE VÉASE--NOMBRE DE PERSONA

  • Nombre de persona: D'Ivori, Joan,
  • Fechas asociadas al nombre: 1890-1947

670 ## - FUENTE DE DATOS ENCONTRADOS

  • Cita de la fuente: El rondallari català, 1989
  • Información encontrada: port. (il. de Joan Vila)

670 ## - FUENTE DE DATOS ENCONTRADOS

  • Cita de la fuente: Vestidos típicos de España, 1936
  • Información encontrada: port. (rec., dib., col. y com. por Joan d'Ivori)

670 ## - FUENTE DE DATOS ENCONTRADOS

  • Cita de la fuente: La balma de les encantaries, 192-?
  • Información encontrada: port. (amb dibuixos d'en Joan Vila (D'Ivori))

670 ## - FUENTE DE DATOS ENCONTRADOS

  • Cita de la fuente: Encina, J. del. Poemas, 1940
  • Información encontrada: port. (il. de Juan Vila (D'Ivori))

670 ## - FUENTE DE DATOS ENCONTRADOS

  • Cita de la fuente: Gran enc. cat.
  • Información encontrada: (Vila i Pujol, Joan (Barcelona, 1890-1947); dibujante conocido con el seud. de D'Ivori; il. de "El rondallari català", col. en diversas revistas y en su propia ed. Mons Floris)

670 ## - FUENTE DE DATOS ENCONTRADOS

  • Cita de la fuente: Dic. de seud. literarios españoles con algunas iniciales, 1977
  • Información encontrada: (D'Ivori o Divori, seud. de Juan Vila)

670 ## - FUENTE DE DATOS ENCONTRADOS

  • Cita de la fuente: D'Ivori, 2014
  • Información encontrada: p. [3] (Joan D'Ivori; Joan Vila i Pujol (Barcelona 1890-1947), pseudonim de D'Ivori)